Agrarreform und Produktions-genossenschaften in Peru /

Saved in:
Bibliographic Details
Main Author: Kressin, Jan
Other Authors: Spiegel, Erich
Format: Book
Language:English
Published: Berlin : Frein Universitat Berlin , 1973.
Series:Freie Universitat, Berlin. Lateinamerika-Institut. Materialen zur Lehre und Forschung ; Heft 1
Subjects:
LEADER 00984nam a2200241 i 4500
001 c000025935
003 CARM
005 00000000000000.0
008 840831s1973 wb 0 eng d
019 1 |a 9248419  |5 LACONCORD2021 
035 |a (OCoLC)221292889  |5 LACONCORD2021 
100 1 |a Kressin, Jan. 
245 1 0 |a Agrarreform und Produktions-genossenschaften in Peru /  |c Jan Kressin Und Erich Spiegel. 
260 |a Berlin :  |b Frein Universitat Berlin ,  |c 1973. 
300 |a 86 p. 
490 0 |a Freie Universitat, Berlin. Lateinamerika-Institut. Materialen zur Lehre und Forschung ;  |v Heft 1 
650 0 |a Agriculture  |x Economic aspects  |z Peru. 
650 0 |a Cooperative societies  |z Peru. 
650 0 |a Land reform  |z Peru. 
700 1 |a Spiegel, Erich. 
852 8 |b CARM  |h A2:AF16G0  |i B01706  |p 0075848  |f BK 
999 f f |i 449d2741-8179-579f-987d-6671d6519439  |s 0ba9a485-91eb-5422-b317-ffa55eff99be 
952 f f |p Can circulate  |a CAVAL  |b CAVAL  |c CAVAL  |d CARM 1 Store  |e B01706  |f A2:AF16G0  |h Other scheme  |i book  |m 0075848